| 000 | 00000nam##2200000za#4500 |
| 001 | 9.694087 |
| 003 | CaOODSP |
| 005 | 20240209132434 |
| 007 | cr ||||||||||| |
| 008 | 150407|2005||||xxc|||||o f|0| 0 eng|d |
| 040 | |aCaOODSP|beng |
| 043 | |an-cn--- |
| 086 | 1 |aAC5-11/2005E-PDF |
| 110 | 2 |aAtlantic Canada Opportunities Agency. |
| 245 | 10|aAtlantica Growth Network - transforming vision into reality : |h[electronic resource]|breport of findings : interviews with Atlantica Growth Network, participants, March 2005 |
| 260 | |aMoncton - New Brunswick : |bAtlantic Canada Opportunities Agency |cApril 2005. |
| 300 | |a12p. |
| 500 | |a"This policy research is sponsored by the Atlantic Canada Opportunity Agency (ACOA) under the Atlantic Policy Research Initiative, ..." |
| 590 | |a10-15-Supp|b2010-12-10 |
| 690 | 07|aAtlantic provinces|2gcpds |
| 775 | 08|tAtlantic Growth Network - transformer le rêve en réalité : |w(CaOODSP)9.638268 |
| 856 | 40|ahttp://publications.gc.ca|qPDF|s55 KB|uhttps://publications.gc.ca/collections/collection_2010/apeca-acoa/AC5-11-2005-eng.pdf |